000 00663nam a2200241Ia 4500
003 OSt
005 20220925203031.0
006 a|||||r|||| 00| 0
007 ta
008 220923b |||||||| |||| 00| 0 eng d
037 _cGeneral Book
040 _aRTL
_cRTL
_beng
041 _2eng
_aeng
082 _aV58:19.44Q7.N7, L1
100 _aKaushik Devendra
_997360
245 0 _aSoviet relations with India and Pakistan
250 _a2
260 _aDelhi
_bVikas
_c1974
300 _ax, 155p
_ccm.
650 _aRussia History
_922158
942 _hV58:19.44Q7.N7, L1
_cGB
_2CC
999 _c545034
_d545034